• 首页
  • 本馆介绍
  • 公告通知
  • 最新文献
  • 馆藏检索
  • 电子资源
  • 读者导购
  • 参考咨询
  • 我的图书馆
  • 登录
  • 详细信息显示
  • 放入我的书架
  • 预约/预借图书
  • 作者相关作品
  • 分类相关作品
  • 丛书相关作品
  • 出版社相关作品

书目信息

  • 表格格式
  • 工作单格式
  • 卡片格式
题名:
水下爆炸结构毁伤的数值计算
    
 
作者: 宗智 , 赵延杰 , 邹丽 著
分册:  
出版信息: 北京   科学出版社  2014.06
页数: 236页
开本: 24cm
丛书名:
单 册:
中图分类: TV139.2
科图分类:
主题词: 水下爆炸--数值计算
电子资源:
ISBN: 978-7-03-040969-0
000 01107nam0 2200265 450
001 1811
001 01CN09987018@CSLN
005 20161201144155.10
010    @a978-7-03-040969-0@dCNY109.00
100    @a20140721d2014 em y0chiy50 ea
101 0  @achi
102    @aCN@b110000
105    @aa z 000yy
200 1  @a水下爆炸结构毁伤的数值计算@9shui xia bao zha jie gou hui shang de shu zhi ji suan@f宗智,赵延杰,邹丽著
210    @a北京@c科学出版社@d2014.06
215    @a236页@c图@d24cm
330    @a在第一章中简单介绍水下爆炸的现象和效应;第二章介绍水下爆炸载荷的工程化描述;在第三章中介绍声-结构耦合方法;在第四章中,介绍冲击波作用下的结构毁伤;在第五章中,介绍气泡作用下结构的毁伤;第六章则处理空化效应及其对结构的二次加载。在第七章给出一个完整的实例
333    @a海洋工程、水中兵器和船舶工程等相关专业的研究生、高年级本科生、教师以及其他研究人员
606 0  @a水下爆炸@x数值计算
690    @aTV139.2@v4
701  0 @a宗智@9zong zhi@4著
701  0 @a赵延杰@9zhao yan jie@4著
701  0 @a邹丽@9zou li@4著
801  0 @aCN@b大连网信软件有限公司图书馆·11@c20161201
905    @aZUCC@dTV139.2@e70
    
    水下爆炸结构毁伤的数值计算/宗智,赵延杰,邹丽著.-北京:科学出版社,2014.06
    236页:图;24cm
    使用对象:海洋工程、水中兵器和船舶工程等相关专业的研究生、高年级本科生、教师以及其他研究人员
    
    ISBN 978-7-03-040969-0:CNY109.00
    在第一章中简单介绍水下爆炸的现象和效应;第二章介绍水下爆炸载荷的工程化描述;在第三章中介绍声-结构耦合方法;在第四章中,介绍冲击波作用下的结构毁伤;在第五章中,介绍气泡作用下结构的毁伤;第六章则处理空化效应及其对结构的二次加载。在第七章给出一个完整的实例
●
相关链接 在E读中查询图书 在五车中查询图书 在当当中查询图书 在豆瓣中查询图书


正题名:水下爆炸结构毁伤的数值计算     索取号:TV139.2/70         预约/预借

序号 登录号 条形码 馆藏地/架位号 状态 备注
1 910035   209100355   第二样本阅览室/ [索取号:TV139.2/70] 在馆    
2 910036   209100364   第三借阅区/ [索取号:TV139.2/70] 在馆    
3 910037   209100373   第三借阅区/ [索取号:TV139.2/70] 在馆    
4 910038   209100382   第三借阅区/ [索取号:TV139.2/70] 在馆    
唐山师范学院图书馆 欢迎您!
大连网信软件有限公司© 版权所有